東急電鉄の乗降客数ランキング - Statistics

General Stats
  • This quiz has been taken 11 times
  • The average score is 39 of 89
Answer Stats
順位 路線 Answer % Correct
1位 複数路線 渋谷
100%
2位 東横線 横浜
100%
3位 目黒線 目黒
100%
7位 東横線 中目黒
100%
4位 複数路線 武蔵小杉
89%
5位 複数路線 溝の口
89%
6位 複数路線 日吉
89%
9位 複数路線 二子玉川
89%
10位 複数路線 自由が丘
89%
11 田園都市線 三軒茶屋
89%
8位 複数路線 蒲田
78%
14 大井町線 大井町
78%
19 新横浜線 新横浜
78%
13 田園都市線 あざみ野
67%
16 田園都市線 中央林間
67%
17 池上線 五反田
67%
20 東横線 綱島
67%
12 複数路線 長津田
56%
15 田園都市線 青葉台
56%
18 東横線 菊名
56%
21 田園都市線 たまプラーザ
44%
22 田園都市線 駒沢大学
33%
23 東横線 学芸大学
33%
24 田園都市線 桜新町
33%
25 田園都市線 用賀
33%
26 田園都市線 池尻大橋
33%
27 田園都市線 鷺沼
33%
28 東横線 元住吉
33%
29 目黒線 武蔵小山
33%
30 東横線 大倉山
33%
31 田園都市線 宮崎台
33%
32 複数路線 大岡山
33%
33 田園都市線 南町田グランベリーパーク
33%
34 東横線 都立大学
33%
35 田園都市線 宮前平
33%
36 東横線 白楽
33%
37 複数路線 旗の台
33%
38 田園都市線 市が尾
33%
39 田園都市線 梶が谷
33%
40 池上線 池上
33%
41 目黒線 西小山
33%
42 田園都市線 江田
33%
43 多摩川線 下丸子
33%
44 大井町線 尾山台
33%
45 複数路線 田園調布
33%
46 東横線 祐天寺
33%
47 目黒線 不動前
33%
48 東横線 代官山
33%
49 田園都市線 高津
33%
50 大井町線 等々力
33%
51 東横線 新丸子
33%
52 多摩川線 武蔵新田
33%
53 田園都市線 藤が丘
33%
54 多摩川線 矢口渡
33%
55 東横線 妙蓮寺
33%
56 池上線 御嶽山
33%
57 池上線 雪が谷大塚
33%
58 大井町線 上野毛
33%
59 大井町線 中延
33%
60 複数路線 多摩川
33%
61 田園都市線 二子新地
33%
62 多摩川線 鵜の木
33%
63 池上線 戸越銀座
33%
64 池上線 洗足池
33%
65 新横浜線 新綱島
33%
66 池上線 久が原
33%
67 東横線 東白楽
33%
69 大井町線 荏原町
33%
70 池上線 長原
33%
71 池上線 石川台
33%
72 目黒線 洗足
33%
73 大井町線 戸越公園
33%
74 東横線 反町
33%
75 池上線 荏原中延
33%
76 大井町線 九品仏
33%
77 目黒線 奥沢
33%
78 田園都市線 つきみ野
33%
79 田園都市線 つくし野
33%
80 田園都市線 すずかけ台
33%
81 多摩川線 沼部
33%
82 こどもの国線 こどもの国
33%
83 大井町線 緑が丘
33%
84 田園都市線 田奈
33%
85 大井町線 下神明
33%
86 池上線 蓮沼
33%
87 池上線 大崎広小路
33%
88 大井町線 北千束
33%
89 こどもの国線 恩田
33%
68 池上線 千鳥町
22%
No matching quizzes found
Score Distribution
Percent of People with Each Score
Percentile by Number Answered
Your Score History
You have not taken this quiz